| 000 | 00364nam a22001577a 4500 | ||
|---|---|---|---|
| 003 | CEME | ||
| 005 | 20210628203712.0 | ||
| 008 | 210324b xxu||||| |||| 00| 0 eng d | ||
| 040 | _c. | ||
| 082 | _a0333 WAS | ||
| 100 |
_aWeiskamp Keith _966937 |
||
| 245 | _aThe borland c + + 4.0 primer | ||
| 260 |
_aRAWALPINDI _bPDF _c2007 |
||
| 300 | _aPDF | ||
| 942 |
_cBK _2ddc |
||
| 999 |
_c574794 _d574794 |
||